00754nam a2200265 a 4500001001000000003000500010005001700015008004100032010001100073011001100084020001800095040000900113082002000122100003100142245009800173250002900271260004800300300001100348504002800359650001600387650002900403650001400432650001400446650002800460000111309CHAP20220329144206.0150130s2013 mx a |rb ||||||spa d a107771 a108743 a9786077076841 cCHAP04a174.4bN32 20131 aNavarro García, Fernando10aResponsabilidad social corporativa :bteoría y práctica /cpor Fernando Navarro García. a2 ed. act., rev. y ampl. aMéxicoaMadrid :bAlfaomegabEsic,c2013. a447 p. aIncluye bibliografía.14aEjecutivos.14aÉtica de los negocios.14aMercados.14aNegocios.14aResponsabilidad social.